| 000 | 00905nam a2200241 a 4500 | ||
|---|---|---|---|
| 001 | 000036914 | ||
| 005 | 20200930080021.0 | ||
| 008 | 120206s1986 mx a 000 0 spa d | ||
| 020 | _a9684517734 | ||
| 040 |
_aDO-SdBNP _bspa _cBNPHU |
||
| 082 |
_axxxx _bD713m |
||
| 100 | 1 |
_aDornbusch, Rudiger _963306 |
|
| 245 | 1 | 0 |
_aMacroeconomía. / _cRudiger Dornbusch ; Stanley Fischer ; traducción Jimena García-Pardo ; Alonso Ojeda ; revisores técnicos Luis Toharia Cortés ; José Antonio García-Durán. |
| 250 | _a3a ed. | ||
| 260 |
_aMéxico : _bMcGraw-Hill, _c1986. |
||
| 300 |
_a776 p. ; _c24 cm. |
||
| 700 | 1 |
_aFischer, Stanley. _963307 |
|
| 700 | 1 |
_aGarcía-Pardo Garcia-Lorenzana, Gimena, _etr. _963308 |
|
| 700 | 1 |
_aOjeda Eiseley, Alonso de, _etr. _963309 |
|
| 700 | 1 |
_aArgandoña Ramiz, Antonio _963310 |
|
| 700 | 1 |
_aToharia Cortés, Luis _963311 |
|
| 700 | 1 |
_aVillarreal Domínguez, Carlos G. _963312 |
|
| 999 |
_c36404 _d36404 |
||